| 000 | 00691nam a2200217Ii 4500 | ||
|---|---|---|---|
| 003 | JO-AjNU | ||
| 008 | 230606s9999||||xx |||||||||||||| ||und|| | ||
| 020 | _a978-0-521-60671-4/978-0-521-60673-8 | ||
| 040 |
_aJO-AjNU _beng _erda _cJO-AjNU |
||
| 041 | _aeng | ||
| 050 | 1 | 4 | _aPE1137.B23 2007 |
| 100 | 3 |
_aتأليف Baker,Ann, _eauthor _92234 |
|
| 245 | 0 | 0 | _aShip or sheep?:An intermediate Pronunciation course |
| 250 | _a3 ed | ||
| 264 | 3 | 1 | _aNew York:Cambridge University Press,2007 |
| 300 | _a224p | ||
| 336 |
_atext _btxt _2rdacontent |
||
| 337 |
_aunmediated _bn _2rdamedia |
||
| 338 |
_avolume _bnc _2rdacarrier |
||
| 650 | 4 |
_aShip or sheep-An intermediate Pronunciation course _92235 |
|
| 999 |
_aE1170 _c1170 _d1170 |
||